000 00424nam a22001457a 4500
082 _a355.33041
_bWOO
_cL-40, P-6
100 _aW. J. Wood
_948810
245 _aLeaders and Battles
_bThe Art of Military Leadership
_cW. J. Wood
260 _aUSA
_bLancer publishers
300 _a337 P, :
526 _a0
_b0
_c0
_d355_330410000000000_WOO
526 _a0
_b0
_c0
_d355_330410000000000_WOO
650 _aMCE
_9379
942 _2ddc
_cBK
999 _c551671
_d551671